| 000 | 00775nam a22002417a 4500 | ||
|---|---|---|---|
| 003 | DO-SdBNP | ||
| 005 | 20260313120813.0 | ||
| 008 | 210806b2011 sp |||| 00| 0 spa d | ||
| 020 | _a9788466212908 | ||
| 040 |
_aBPMSU _bspa _cBPMSU |
||
| 082 |
_a398.6 _bP466m 2001 _222 |
||
| 100 | 1 | _aPérsico, Lucrecia | |
| 245 | 1 | 0 |
_aMis mejores adivinanzas / _cLucrecia Pérsico ; ilustraciones Jesús López Pastor |
| 260 |
_aMadrid : _bEditorial Libsa, _c2011 |
||
| 300 |
_a92 p. ; _c23 cm. |
||
| 590 |
_aInventariado, 2024/VM _6Inventariado, 2021/VM |
||
| 650 | 4 | _aAdivinanzas | |
| 650 | 4 | _aLiteratura folclórica | |
| 650 | 4 | _aLibros ilustrados para niños | |
| 700 | 1 |
_aLópez Pastor, Jesús _eilustración |
|
| 910 | _aVMateo V. Control de calidad. BPMSU | ||
| 942 |
_2ddc _cBK |
||
| 999 |
_c14810 _d14810 |
||